Solving of problems in fluid mechanic- vol.1 / (Record no. 2757)

000 -LEADER
fixed length control field 00423nam a22001577a 4500
008 - FIXED-LENGTH DATA ELEMENTS--GENERAL INFORMATION
fixed length control field 200316b ||||| |||| 00| 0 eng d
020 ## - INTERNATIONAL STANDARD BOOK NUMBER
International Standard Book Number 0582239559
082 00 - DEWEY DECIMAL CLASSIFICATION NUMBER
Classification number 620.106
Item number D733
100 ## - MAIN ENTRY--PERSONAL NAME
9 (RLIN) 797
Personal name Douglas, John F.
245 10 - TITLE STATEMENT
Title Solving of problems in fluid mechanic- vol.1 /
250 ## - EDITION STATEMENT
Edition statement 1st ed.
260 ## - PUBLICATION, DISTRIBUTION, ETC. (IMPRINT)
Place of publication, distribution, etc London
Name of publisher, distributor, etc ELBS
Date of publication, distribution, etc 1986
300 ## - PHYSICAL DESCRIPTION
Extent xvi, 263 p.
650 #0 - SUBJECT ADDED ENTRY--TOPICAL TERM
Topical term or geographic name as entry element Fluid Mechanics
942 ## - ADDED ENTRY ELEMENTS (KOHA)
Item type Books
Holdings
Withdrawn status Lost status Source of classification or shelving scheme Damaged status Not for loan Permanent location Current location Date acquired Full call number Barcode Date last seen Koha item type Source of acquisition Cost, normal purchase price Total Checkouts Date last borrowed
          IMU Kolkata IMU Kolkata 2020-03-16 620.106 D733 04964 2020-03-16 Books        
          IMU Kolkata IMU Kolkata 1982-05-11 620.106 D733 05305 2025-08-25 Books Shankar's Book Agency 30.00 1 2025-08-07
          IMU Kolkata IMU Kolkata 1982-05-11 620.106 D733 05318 2025-12-10 Books Shankar's Book Agency 30.00 1 2025-07-31
          IMU Kolkata IMU Kolkata 1982-05-11 620.106 D733 05319 2020-03-23 Books Shankar's Book Agency 30.00    
Designed and Maintained by IMU-KC Library, Kolkata Campus © Copyright All Rights Reserved

webs counters

Powered by Koha